Ensayos sobre la economía española a mediados del siglo XIX / (Record no. 59422)

MARC details
000 -LEADER
campo de control de longitud fija 00709nam a2200193 i 4500
001 - NÚMERO DE CONTROL
campo de control 59422
003 - IDENTIFICADOR DE NÚMERO DE CONTROL
campo de control ES-MaACL
005 - FECHA Y HORA DE LA ÚLTIMA TRANSACCIÓN
campo de control 20230906164029.0
007 - CAMPO FIJO DE DESCRIPCIÓN FÍSICA--INFORMACIÓN GENERAL
campo de control de longitud fija t|
008 - DATOS DE LONGITUD FIJA--INFORMACIÓN GENERAL
campo de control de longitud fija 031029s1970 sp |||| | spa d
245 00 - MENCIÓN DEL TÍTULO
Título Ensayos sobre la economía española a mediados del siglo XIX /
Mención de responsabilidad, etc. por Gabriel Tortellá Casares ... [et al.] ; coordinador, Pedro Schwartz Girón.
260 ## - PUBLICACIÓN, DISTRIBUCIÓN, ETC.
Lugar de publicación, distribución, etc. Madrid :
Nombre del editor, distribuidor, etc. Banco de España, Servicio de Estudios,
Fecha de publicación, distribución, etc. 1970.
300 ## - DESCRIPCIÓN FÍSICA
Extensión 399 p., 29 lám., 7 map. pleg. ;
Dimensiones 24 cm.
651 #4 - PUNTO DE ACCESO ADICIONAL DE MATERIA--NOMBRE GEOGRÁFICO
Nombre geográfico España-
Subdivisión general Situación económica-
Subdivisión cronológica S.XIX.
9 (RLIN) 8504
700 1# - ENTRADA AGREGADA--NOMBRE PERSONAL
Nombre de persona Tortella Casares, Gabriel.
9 (RLIN) 111078
700 1# - ENTRADA AGREGADA--NOMBRE PERSONAL
Nombre de persona Schwartz, Pedro.
9 (RLIN) 104874
852 ## - LOCALIZACIÓN
Ubicación ES-MaACL
Número de control de estantería C-37981
852 ## - LOCALIZACIÓN
Ubicación ES-MaACL
Número de control de estantería E-5840
Holdings
Estatus retirado Estado de pérdida Estado de daño No para préstamo Biblioteca de origen Biblioteca actual Ubicación en estantería Fecha de adquisición Fuente de adquisición Total de préstamos Signatura topográfica completa Código de barras Visto por última vez Precio de reemplazo Tipo de ítem Koha
        Biblioteca del Ateneo de Madrid Biblioteca del Ateneo de Madrid Depósito 2 17/01/2008     E-5840 1062327 23/02/2023 23/02/2023 Libro impreso
        Biblioteca del Ateneo de Madrid Biblioteca del Ateneo de Madrid Depósito 2 17/01/2008     C-37981 1062326 23/02/2023 23/02/2023 Libro impreso